000 00299nam a2200121Ia 4500
008 220216s9999 xx 000 0 und d
100 _aElizabeth K I
245 0 _aUlpannagalkku mikavekunna rubber swabhavam
260 _bRubber
_c2014
300 _a16-18
650 _aRubber products
942 _cJS
999 _c71709
_d71709